00803cam a2200193 a 450000100100000000500170001000800410002704000250006808200220009324500810011526000550019630000280025165100170027965000260029670000330032295201190035595201200047499900150059400000237820200929150206.0740402s1970 onc 001 0 eng  aDO-SdBNPbspacBNPHU a917.103644bC212a00aCanada :ba guide to the peaceable kingdom /cedición de William Kilbourn. aToronto, (Canadá) :bMacmillan of Canada,c1970. axviii, 345 p. ;c24 cm. 4aCanada97558 4aViajesvGUÍAS950451 aKingdom, William,eed.97559 001050718MOaGRbGRcHDd2009-09-17iLF1l0o917.103644 C212ap2378-10r2020-06-25w2020-06-25y1ZNo se presta 0010507-18MOaPDbPDcOId2017-05-25iLF1l0o917.103644 C212ap2378-20r2020-06-25w2020-06-25y1ZNo se presta c2218d2218